000 01869nam a22004337a 4500
001 5
003 FISKH
005 20230220162320.0
008 230220b cb ||||| |||| 00| 0 eng d
010 _aFISKH
040 _aNJQ/DLC
_beng
_cNJQ
_erda
_dDLC
042 _alcac
_apcc
050 0 0 _aPZ7
_b.L32394 Das 2014
082 0 4 _a813.54
_223
100 1 _aLarson, Kirby,
_eauthor.
245 1 0 _aDash /
_cKirby Larson.
250 _aFirst edition.
264 1 _aNew York :
_bScholastic Press,
_c2014.
300 _a243 p.
_c20 cm.
336 _atext
_2rdacontent
337 _aunmediated
_2rdamedia
338 _avolume
_2rdacarrier
520 _aWhen her family is forced into an internment camp, Mitsi Kashino is separated from her home, her classmates, and her beloved dog Dash; and as her family begins to come apart around her, Mitsi clings to her one connection to the outer world--the letters from the kindly neighbor who is caring for Dash.
521 _a570
_bLexile
521 _a L
_bRaz-Plus
610 2 0 _aPuyallup Assembly Center (Puyallup, Wash.)
_vJuvenile fiction.
610 2 1 _aPuyallup Assembly Center (Puyallup, Wash.)
_vFiction.
650 0 _aJapanese American children
_vJuvenile fiction.
650 0 _aJapanese Americans
_xForced removal and internment, 1942-1945
_vJuvenile fiction.
650 0 _aWorld War, 1939-1945
_xConcentration camps
_zUnited States
_vJuvenile fiction.
650 0 _aWorld War, 1939-1945
_xJapanese Americans
_vJuvenile fiction.
650 1 _aJapanese Americans
_xEvacuation and relocation, 1942-1945
_vFiction.
650 1 _aWorld War, 1939-1945
_zUnited States
_vFiction.
650 1 _aDogs
_vFiction.
651 0 _aWashington (State)
_xHistory
_y20th century
_vJuvenile fiction.
651 1 _aWashington (State)
_xHistory
_y20th century
_vFiction.
906 _a7
_bcbc
_corignew
_d1
_eecip
_f20
_gy-gencatlg
942 _2ddc
_cBK
_n0
999 _c5
_d5